Central Library OPAC University of Rajshahi

The autobiography of Benjamin Franklin / (Record no. 29587)

MARC details
000 -LEADER
fixed length control field 01307cam a2200301Ia 4500
001 - CONTROL NUMBER
control field 29587
003 - CONTROL NUMBER IDENTIFIER
rucl marc code (BD-RjUL
005 - DATE AND TIME OF LATEST TRANSACTION
control field 20211209051430.0
008 - FIXED-LENGTH DATA ELEMENTS--GENERAL INFORMATION
fixed length control field 140406r19511931uk b 001 0aen1 d
035 ## - SYSTEM CONTROL NUMBER
System control number (BD-RjUL)29672
040 ## - CATALOGING SOURCE
Original cataloging agency TEF
Transcribing agency TEF
Modifying agency BD-RjUL
Language of cataloging eng
041 ## - LANGUAGE CODE
Language code of text/sound track or separate title eng
082 ## - DEWEY DECIMAL CLASSIFICATION NUMBER
Author mark and year FRA 1951
Classification number 973.3
100 1# - MAIN ENTRY--PERSONAL NAME
Personal name Franklin, Benjamin,
Dates associated with a name 1706-1790.
9 (RLIN) 90162
245 14 - TITLE STATEMENT
Title The autobiography of Benjamin Franklin /
Statement of responsibility, etc. with illustrations by Kleber Hall.
260 ## - PUBLICATION, DISTRIBUTION, ETC. (IMPRINT)
Place of publication, distribution, etc. Boston
Name of publisher, distributor, etc. New York, Houghton Mifflin Co.,
Date of publication, distribution, etc. 1923 [Reprinted 1951]
300 ## - PHYSICAL DESCRIPTION
Pagination xxiv, p., l., 286 p.
Size 22 cm.
Illustrations col. front., illus., col. plates
490 ## - SERIES STATEMENT
Series statement Riverside bookshelf .
500 ## - GENERAL NOTE
General note Online version: Franklin, Benjamin, 1706-1790. Autobiography of Benjamin Franklin. Boston, New York, Houghton Mifflin Co., 1923 (OCoLC)575189523 Online version: Franklin, Benjamin, 1706-1790. Autobiography of Benjamin Franklin. Boston, New York, Houghton Mifflin Co., 1923
General note Originally published: 1964.
504 ## - BIBLIOGRAPHY, ETC. NOTE
Bibliography, etc Includes bibliographical references (p. 323-325) and index.
600 10 - SUBJECT ADDED ENTRY--PERSONAL NAME
Personal name Franklin, Benjamin,
Dates associated with a name 1706-1790.
650 #0 - SUBJECT ADDED ENTRY--TOPICAL TERM
Topical term or geographic name as entry element Franklin, Benjamin, -- 1706-1790
Geographic subdivision United States
Form subdivision Biography.
9 (RLIN) 90164
942 ## - ADDED ENTRY ELEMENTS (KOHA)
Source of classification or shelving scheme Dewey Decimal Classification
Koha item type Books
Holdings
Lost status Source of classification or shelving scheme Damaged status Not for loan Collection code Permanent Location Current Location Shelving location Date acquired Total Checkouts Full call number Date last seen Copy number Koha item type
  Dewey Decimal Classification   Added to bundle Non-fiction Central Library, University of Rajshahi Central Library, University of Rajshahi Reading Room 06/04/2014   973.3 FRA 1951 06/04/2014 C-1 Books